000 01627nam a2200337 c 4500
003 BLK
005 20210610163710.0
008 180408b bul|||||r ||||||| ||bul||
010 _aKNG00060772000
040 _aBLK
041 _aBUL
_cBUL
080 _aГеографско разпространение на животните. Зоогеография. Фауна. Подразделя се чрез определителите за място (Табл. Ie). Вж и 591.5
_b591.9
_x(497.2)(048.8)
_z591.9(497.2)(048.8)
100 1 _aПешев, Цоло Христов
_eпърви автор
_9245904
139 _aЖивотинският свят на България
_bЖ 49
245 1 0 _aЖивотинският свят на България
_bНауч. обзор
_cЦоло Христов Пешев.
257 _aBGR
260 София
_bНаука и изкуство
_c1984
300 _a252 с.
_bс ил., 10 л. : цв. ил.
_c29 см
380 _a5
500 _aДруги авт. : Д. Божков, М. Йосифов, С. Симеонов, П. Коларов, Н. Йовчев. - 5 306 тир. - Съдържа 213 черно-бели и 30 цветни ил. - Съдържа: Указател на бълг. имена ; Указател на лат. имена
650 4 _aЖивотни - България
_9250508
651 4 _aБългария
_9241624
653 _aживотни
653 _aфауна
653 _aБългария
852 _aЦб ІІ 6574
856 4 _qpdf
_u
856 4 _qpdf
_u
942 _cKNG
_n0
_02
944 _aCR
_c13.06.2004
_kМилена_Ачева
944 _aED
_c18.03.2013
_k
999 _c56786
_d56786